000 01107nam a2200301 4500
003 EC-UNACH
005 20251219185031.0
006 s||||gr|||| 00| 00
008 150116t9999 mx r gr 000 0 spa d
020 _aS/N
040 _aEC-UNACH
_cEC-UNACH
041 _aspa
082 0 4 _223
_a725.31
_bL018576
110 _aS/N
245 _aImplementación del terminal terrestre Inter parroquial el quinche quito provincia de pichincha
250 _aS/N
264 _aEcuador
_bS/N
_c201
300 _a222
505 _a-Etapa preliminar - Marco teórico -- Plan de trabajo -Etapa conceptual - Sistema urbano -Medio físico -Producción -Intercambio -Consumo -Gestión -Simbolismo -El transporte terrestre -Terminal terrestre -Estudio de casos -Etapa analítica
650 _9OBJETIVO GENERAL
650 _aESTRUCTURA SOCIAL
650 _aFUERZA DE TRABAJO
700 _aCadena Cadena Juan Elías / Pujos Fernández Segundo Fausto
942 _2ddc
_c1
999 _c14340